Droit maritime

Saved in:
Bibliografiske detaljer
Hovedforfatter: Ripert, Georges (Author)
Format: Bog
Sprog:fransk
Udgivet: París Dalloz 1963
Fag:
Tags: Tilføj Tag
Ingen Tags, Vær først til at tagge denne postø!

MARC

LEADER 00000nam a2200000 a 4500
001 UCS1982
003 CL-VaPUC
008 970516e19630000FR |||||||||||||||||fre|d
082 0 4 |a 343.096  |b RIP  |2 21 
100 0 |a Ripert, Georges  |e author  |9 386901 
245 1 0 |a Droit maritime 
300 |a 322 p 
942 |c BK 
945 |d 19970516 00:00:00  |a cmena 
260 |a París  |b Dalloz  |c 1963 
650 0 |a Derecho comercial   |9 256340 
650 0 |a Transporte marítimo  |9 260127 
650 0 |a Contratos  |9 255153 
650 7 |a OBLIGACIONES CIVILES  |2 CL-VaPUC  |9 386895 
650 0 |a Obligaciones   |9 255578 
650 7 |a SEGUROS  |2 CL-VaPUC  |9 386902 
650 0 |a Derecho marítimo  |9 255301 
651 0 |a Francia  |9 255157 
583 |a last modification  |c 19970516 00:00:00  |k Rodrigo Vera 
999 |c 259982  |d 259980 
952 |0 0  |1 0  |4 0  |6 343_096000000000000_RIP_1963  |7 0  |8 A  |9 285524  |a BIBDER  |b BIBDER  |d 2019-11-19  |i 1854690  |o 343.096 RIP 1963  |p 1854690  |r 2023-01-25  |w 2019-11-19  |y BK  |k DER